Sports Quiz

Random Sports or WWE Quiz
Score 0/49 Timer 08:00
0 Plays Today
Hint Answer % Correct
UniversalBrock Lesnar
100%
WWEDaniel Bryan
100%
United StatesRey Mysterio
100%
Smackdown Tag TeamThe New Day
100%
United StatesJohn Cena
91.4%
Smackdown Women'sCharlotte Flair
91.4%
IntercontinentalThe Miz
87.9%
IntercontinentalRoman Reigns
87.9%
Raw Tag Team (including world & WWE tag team titles)John Morrison & The Miz
87.9%
Raw Tag Team (including world & WWE tag team titles)The Miz & Damien Mizdow
87.9%
WWEThe Miz
87.9%
WWERoman Reigns
87.9%
Raw Tag Team (including world & WWE tag team titles)Edge & Rey Mysterio
85.7%
Raw Women'sSasha Banks
85.7%
WWEAJ Styles
85.7%
Raw Tag Team (including world & WWE tag team titles)Cesaro & Sheamus
85%
WWEThe Rock
83.6%
United StatesEdge
81.4%
IntercontinentalSteve Austin
81.4%
IntercontinentalEdge
81.4%
WWEShawn Michaels
81.4%
WWEEdge
81.4%
WWEThe Undertaker
80%
WWESheamus
80%
NXT Women'sEmber Moon
78.6%
Hint Answer % Correct
WWEBret Hart
77.1%
WWECM Punk
75.7%
NXTAndrade 'Cien' Almas
74.3%
WWEBig Show
73.6%
WWEBig Show
73.6%
NXTSamoa Joe
72.9%
IntercontinentalJeff Hardy
72.1%
CruiserweightRich Swann
71.4%
WWEDiesel
70.7%
NXT Tag Team#DIY
69.3%
NXT Tag TeamThe Revival
65.7%
WWEBob Backlund
63.6%
Raw Tag Team (including world & WWE tag team titles)Los Guerreros
63.6%
United StatesRusev
62.1%
WWESid
62.1%
Raw Tag Team (including world & WWE tag team titles)AOP
60%
IntercontinentalJohnny Nitro
52.9%
IntercontinentalLuke Harper
49.3%
IntercontinentalPedro Morales
45.7%
IntercontinentalMr. Perfect
45.7%
IntercontinentalTest
45.7%
IntercontinentalBig E
45%
IntercontinentalBilly Gunn
40%
IntercontinentalWilliam Regal
36.4%
Remove Ads.
Support Sporcle.
Get the best of Sporcle when you Go Orange. This ad-free experience offers more features, more stats, and more fun while also helping to support Sporcle. Thank you for becoming a member.

You're not logged in!

Compare scores with friends on all Sporcle quizzes.
OR
Log In

Sporcle TV

Today on Sporcle TV


Watch our educational content, quiz creation guides, and fun videos on Sporcle TV.

Show Comments

Extras

Created Nov 30, 2017ReportNominate
Tags:WWE Quiz, WWE Champions

Top Quizzes Today


Score Distribution

Paid Content

Your Account Isn't Verified!

In order to create a playlist on Sporcle, you need to verify the email address you used during registration. Go to your Sporcle Settings to finish the process.

Report this User

Report this user for behavior that violates our Community Guidelines.

Details: